000 00640nam a22002057a 4500
005 20241029144415.0
010 _aENG-142545
020 _a9789380727035
_c200.00
035 _aEN-126077
037 _bDBAD/PUB
082 _a230.34
100 _aNidhi,Sadhvi
_973643
245 _aLife's Quest :
_cby Sadhvi Nidhi
_bJourney of the Soul
250 _a1
260 _aNew Delhi
_bMaitri Charitable Foundation
_c2010
270 _aB 117 Okhla Industrial Area, Phase 1
_bnew Delhi
_k91-9313093444
_e110021
300 _a172p.
_c21 cm(pbk)
700 _aSadhvi Kripa
_eco- author
_973644
942 _2ddc
_cEN
_h230.34
_mNID
_e1
999 _c206864
_d206864